000 00721nam a22002177a 4500
999 _c163782
_d163782
005 20190430144143.0
010 _aB-422628
020 _a9788131724231
035 _aB-422628
037 _bDBAD/PUB
082 _a160
100 _aCopi Irving M.
245 _aIntroduction to Logic/
_cby Irving M. Copi [et. al]
250 _a13 ed.
260 _aNoida
_bDorling Kindersley(India) Pvt.Ltd.
_c2009
270 _a7th Floor, Knowledge Boulevard, A-8(A), sector 62,Noida
_bU.P.
_e201309
300 _axviii,686p.
_c23.5cm.(hbk)
500 _aIt includes Index.
942 _2ddc
_cEN
_h160
_mCOP